[Event "CYCC U12"]
[Site "Quebec CAN"]
[Date "2008.07.16"]
[Round "5"]
[White "Florea, Alexandru"]
[Black "Luo, Zhao Yang"]
[Result "0-1"]
[WhiteElo "1824"]
[BlackElo "1795"]
[PlyCount "154"]
[GameId "2160767910354073"]
[EventDate "2008.07.14"]
[EventType "swiss"]
[EventRounds "7"]
[EventCountry "CAN"]
[SourceTitle "EXT 2011"]
[Source "ChessBase"]
[SourceDate "2011.11.26"]
[SourceVersion "1"]
[SourceVersionDate "2011.11.26"]
[SourceQuality "1"]

1. e4 c6 2. d4 d5 3. Nc3 dxe4 4. Nxe4 Nd7 5. Ng5 Ngf6 6. Bd3 h6 7. Ne6 Qa5+ 8. Bd2 Qb6 9. Nxf8 Nxf8 10. Bc3 Nd5 11. Nf3 Bg4 12. h3 Bh5 13. g4 Bg6 14. Ne5 Nf4 15. Qf3 Nxd3+ 16. Nxd3 O-O-O 17. O-O-O Nd7 18. Nf4 Nf6 19. Rhe1 Rhe8 20. d5 cxd5 21. Bxf6 Qxf6 22. Qg3 d4 23. Nxg6 Qxg6 24. Re5 Qd6 25. f4 f6 26. Re4 Qc5 27. Qf2 e5 28. Rd3 Qd5 29. Qe1 Qe6 30. Ra3 a6 31. Qe2 Rd7 32. Ra5 b5 33. Ra3 Rd5 34. Rg3 Rc5 35. b3 Re7 36. Rg2 Rec7 37. fxe5 Rxe5 38. Rxe5 Qxe5 39. Qxe5 fxe5 40. g5 Rc6 41. Kd2 e4 42. gxh6 gxh6 43. Rg4 e3+ 44. Kd1 Rd6 45. Ke2 Kc7 46. Kd3 Kb6 47. b4 Kc6 48. Re4 Kd7 49. c3 dxc3+ 50. Kxc3 Re6 51. Rd4+ Kc6 52. Rd1 e2 53. Re1 Kd7 54. Kd3 Kd6 55. Kd4 Re5 56. a3 Re6 57. h4 h5 58. Kc3 Kd5 59. Kd3 Re4 60. Kc3 Re3+ 61. Kd2 Ke4 62. Rxe2 Rxe2+ 63. Kxe2 Kf4 64. Kd3 Kg4 65. Kd4 Kxh4 66. Kc5 Kg5 67. Kb6 h4 68. Kxa6 h3 69. Kxb5 h2 70. a4 h1=Q 71. Kb6 Qa8 72. a5 Kf6 73. a6 Qb8+ 74. Kc5 Qa7+ 75. Kb5 Ke6 76. Ka5 Kd6 77. b5 Kc7 0-1

[Event "CYCC U12"]
[Site "Quebec CAN"]
[Date "2008.07.16"]
[Round "5"]
[White "Itkin, David"]
[Black "Wang, Yuekai"]
[Result "0-1"]
[WhiteElo "1597"]
[BlackElo "1760"]
[PlyCount "81"]
[GameId "2160767910354074"]
[EventDate "2008.07.14"]
[EventType "swiss"]
[EventRounds "7"]
[EventCountry "CAN"]
[SourceTitle "EXT 2011"]
[Source "ChessBase"]
[SourceDate "2011.11.26"]
[SourceVersion "1"]
[SourceVersionDate "2011.11.26"]
[SourceQuality "1"]

1. e4 c5 2. Nf3 d6 3. d4 cxd4 4. Nxd4 Nf6 5. Nc3 a6 6. Bc4 e6 7. Bg5 Be7 8. a4 O-O 9. O-O Nxe4 10. Bxe7 Nxc3 11. Bxd8 Nxd1 12. Be7 Re8 13. Bxd6 Nxb2 14. Bb3 Rd8 15. Be5 Bd7 16. Nf3 Nxa4 17. Bxa4 Bxa4 18. Rxa4 Nc6 19. h3 Nxe5 20. Nxe5 Rd5 21. Nd3 Rc8 22. Rc1 Rxd3 23. Rb1 Rd7 24. Rab4 Rcc7 25. c4 Kf8 26. Kf1 Ke8 27. Ke2 Kd8 28. Ke3 Kc8 29. g3 Rc5 30. f4 Ra5 31. R4b3 Ra4 32. c5 Rc4 33. c6 Rxc6 34. Kf3 Rdc7 35. Kg4 h6 36. h4 Rc3 37. Rb4 f5+ 38. Kh5 Rxg3 39. Rxb7 g6+ 40. Kxh6 Rxb7 41. h5 0-1

[Event "CYCC U12"]
[Site "Quebec CAN"]
[Date "2008.07.16"]
[Round "5"]
[White "Leu, Richard"]
[Black "Nunez-Painchaud, Raphael"]
[Result "0-1"]
[WhiteElo "1962"]
[BlackElo "1686"]
[PlyCount "128"]
[GameId "2160767910354075"]
[EventDate "2008.07.14"]
[EventType "swiss"]
[EventRounds "7"]
[EventCountry "CAN"]
[SourceTitle "EXT 2011"]
[Source "ChessBase"]
[SourceDate "2011.11.26"]
[SourceVersion "1"]
[SourceVersionDate "2011.11.26"]
[SourceQuality "1"]

1. d4 Nf6 2. c4 e6 3. Nc3 Bb4 4. Qc2 Nc6 5. e3 O-O 6. a3 Bxc3+ 7. Qxc3 a5 8. b3 d6 9. Bd3 e5 10. d5 Ne7 11. Qc2 g6 12. Ne2 Nd7 13. e4 f5 14. f3 Nc5 15. Nc3 fxe4 16. Nxe4 Nxe4 17. fxe4 Bg4 18. h3 Bd7 19. Bg5 Rf7 20. Qe2 Qf8 21. Rf1 Qg7 22. Rxf7 Qxf7 23. Qf2 Qxf2+ 24. Kxf2 Rf8+ 25. Ke2 Nc8 26. Rc1 Na7 27. b4 Kg7 28. Rb1 a4 29. b5 Nc8 30. Rb4 Nb6 31. Be3 Ra8 32. Bxb6 cxb6 33. Bc2 Kf6 34. Rb1 g5 35. Rf1+ Kg6 36. Kd2 Rc8 37. Kd3 h5 38. Ra1 Rf8 39. Ke2 Rc8 40. Bd3 h4 41. Rf1 Ra8 42. Ke3 Rc8 43. Be2 Ra8 44. Kd2 Rc8 45. Kd3 Kg7 46. Bh5 Kh6 47. Bf7 Rf8 48. Ke2 Kg7 49. Bh5 Rxf1 50. Kxf1 Kh6 51. Bf3 g4 52. hxg4 Kg5 53. Be2 Bxg4 54. Bd3 Kf4 55. Kf2 Bh5 56. Bc2 Bg6 57. Bxa4 Bxe4 58. Bd1 Bd3 59. c5 bxc5 60. a4 Be4 61. b6 Bxd5 62. a5 e4 63. Bb3 e3+ 64. Ke1 c4 0-1

[Event "CYCC U12"]
[Site "Quebec CAN"]
[Date "2008.07.16"]
[Round "5"]
[White "Liu, Steven2"]
[Black "Sohal, Tanraj"]
[Result "0-1"]
[WhiteElo "1656"]
[BlackElo "1876"]
[PlyCount "58"]
[GameId "2160767910354076"]
[EventDate "2008.07.14"]
[EventType "swiss"]
[EventRounds "7"]
[EventCountry "CAN"]
[SourceTitle "EXT 2011"]
[Source "ChessBase"]
[SourceDate "2011.11.26"]
[SourceVersion "1"]
[SourceVersionDate "2011.11.26"]
[SourceQuality "1"]

1. e4 c5 2. Nf3 Nc6 3. Bb5 d6 4. O-O Nf6 5. Bxc6+ bxc6 6. e5 Nd5 7. exd6 exd6 8. Re1+ Be7 9. h3 O-O 10. d3 Bf6 11. Nbd2 Rb8 12. Ne4 Bf5 13. Nxf6+ Qxf6 14. Qd2 Bxh3 15. c4 Nb6 16. Qf4 Bf5 17. Qg5 Bxd3 18. Qxf6 gxf6 19. Bf4 Nxc4 20. b3 Ne5 21. Rad1 Rbd8 22. Rd2 c4 23. Red1 Nxf3+ 24. gxf3 d5 25. Kh2 Kh8 26. Be3 Rg8 27. Bxa7 Rg5 28. Bc5 Rdg8 29. Be7 Rh5# 0-1

[Event "CYCC U12"]
[Site "Quebec CAN"]
[Date "2008.07.16"]
[Round "5"]
[White "Mongenais, Jacob"]
[Black "Lepine, Cedric"]
[Result "0-1"]
[WhiteElo "1441"]
[BlackElo "1541"]
[PlyCount "66"]
[GameId "2160767910354077"]
[EventDate "2008.07.14"]
[EventType "swiss"]
[EventRounds "7"]
[EventCountry "CAN"]
[SourceTitle "EXT 2011"]
[Source "ChessBase"]
[SourceDate "2011.11.26"]
[SourceVersion "1"]
[SourceVersionDate "2011.11.26"]
[SourceQuality "1"]

1. e4 e6 2. d4 d5 3. Nc3 Bb4 4. Bd2 Bxc3 5. Bxc3 dxe4 6. Qg4 Nf6 7. Qxg7 Rg8 8. Qh6 Rg6 9. Qh4 Nc6 10. O-O-O h5 11. Ne2 Rg4 12. Qh3 Nd5 13. Qxh5 Rh4 14. Qxh4 Qxh4 15. g3 Qf6 16. h4 Bd7 17. Rh2 O-O-O 18. Bd2 Rh8 19. c3 Qg6 20. Nf4 Nxf4 21. Bxf4 f5 22. Be2 Be8 23. h5 Qg8 24. Rdh1 e5 25. dxe5 Qxa2 26. g4 Na5 27. gxf5 Nb3+ 28. Kc2 Ba4 29. Re1 Nd4+ 30. Kc1 Qa1+ 31. Kd2 Qxb2+ 32. Ke3 Qxc3+ 33. Bd3 Qxd3# 0-1

[Event "CYCC U12"]
[Site "Quebec CAN"]
[Date "2008.07.16"]
[Round "5"]
[White "Qin, Zi Yi (Joey)"]
[Black "Li, Chang He"]
[Result "1-0"]
[WhiteElo "2194"]
[BlackElo "1967"]
[PlyCount "105"]
[GameId "2160767910354078"]
[EventDate "2008.07.14"]
[EventType "swiss"]
[EventRounds "7"]
[EventCountry "CAN"]
[SourceTitle "EXT 2011"]
[Source "ChessBase"]
[SourceDate "2011.11.26"]
[SourceVersion "1"]
[SourceVersionDate "2011.11.26"]
[SourceQuality "1"]

1. e4 c5 2. c3 d5 3. exd5 Qxd5 4. d4 Nc6 5. Nf3 Nf6 6. Be2 cxd4 7. cxd4 e6 8. O-O Be7 9. Nc3 Qd8 10. Be3 O-O 11. Ne5 Nb4 12. Qb3 Nd7 13. a3 Nxe5 14. dxe5 Nc6 15. Rfd1 Qa5 16. f4 Bc5 17. Ne4 Bxe3+ 18. Qxe3 Qb6 19. Qxb6 axb6 20. Rac1 Ra4 21. Rc4 Rxc4 22. Bxc4 Rd8 23. Rxd8+ Nxd8 24. Bb5 Nc6 25. Nd6 Na7 26. Be8 f6 27. Nxc8 Nxc8 28. Bd7 Ne7 29. Bxe6+ Kf8 30. exf6 gxf6 31. Bg4 Nd5 32. Bf3 Nxf4 33. Bxb7 Ke7 34. Be4 h6 35. Kf2 Ne6 36. Ke3 Kd6 37. Bf5 Ng7 38. Bd3 Kd5 39. b4 Ne6 40. a4 Nc7 41. Be2 Ke5 42. Bc4 f5 43. g3 h5 44. h4 b5 45. axb5 Na8 46. Bb3 Nb6 47. Bf7 Kf6 48. Bxh5 Nd5+ 49. Kd4 Nxb4 50. b6 f4 51. gxf4 Kf5 52. Be8 Na6 53. h5 1-0

[Event "CYCC U12"]
[Site "Quebec CAN"]
[Date "2008.07.16"]
[Round "5"]
[White "Robichaud, Nicolas"]
[Black "Leveille, Francois1"]
[Result "1/2-1/2"]
[WhiteElo "1051"]
[BlackElo "1124"]
[PlyCount "31"]
[GameId "2160767910354079"]
[EventDate "2008.07.14"]
[EventType "swiss"]
[EventRounds "7"]
[EventCountry "CAN"]
[SourceTitle "EXT 2011"]
[Source "ChessBase"]
[SourceDate "2011.11.26"]
[SourceVersion "1"]
[SourceVersionDate "2011.11.26"]
[SourceQuality "1"]

1. e4 e5 2. Nf3 Nc6 3. Bc4 Bc5 4. Nc3 Nd4 5. Nxe5 Qg5 6. Ng4 d5 7. d3 Qxg4 8. Qxg4 Bxg4 9. Nxd5 Nxc2+ 10. Kf1 Nxa1 11. Nxc7+ Kd7 12. Nxa8 Nf6 13. f3 Be6 14. Bb5+ Kc8 15. Bf4 Nh5 16. Bc7 1/2-1/2

[Event "CYCC U12"]
[Site "Quebec CAN"]
[Date "2008.07.16"]
[Round "5"]
[White "Tetreault Labarge, Pierre"]
[Black "Dumais, Remi"]
[Result "0-1"]
[WhiteElo "992"]
[BlackElo "975"]
[PlyCount "40"]
[GameId "2160767910354080"]
[EventDate "2008.07.14"]
[EventType "swiss"]
[EventRounds "7"]
[EventCountry "CAN"]
[SourceTitle "EXT 2011"]
[Source "ChessBase"]
[SourceDate "2011.11.26"]
[SourceVersion "1"]
[SourceVersionDate "2011.11.26"]
[SourceQuality "1"]

1. e4 e5 2. Nf3 Nc6 3. Bc4 Nf6 4. Ng5 d5 5. Nxf7 Kxf7 6. exd5 Nd4 7. O-O Ke8 8. Re1 Bd6 9. c3 Nf5 10. Qa4+ Bd7 11. Qd1 e4 12. d4 Nxd5 13. Bxd5 Bb5 14. c4 Ba6 15. Rxe4+ Kf8 16. c5 Bxh2+ 17. Kxh2 Qxd5 18. Rf4 b6 19. g4 Bb7 20. gxf5 Qg2# 0-1

[Event "CYCC U12"]
[Site "Quebec CAN"]
[Date "2008.07.16"]
[Round "5"]
[White "Xu, Tian Run"]
[Black "Gagnon, Justin"]
[Result "0-1"]
[WhiteElo "1549"]
[BlackElo "1577"]
[PlyCount "150"]
[GameId "2160767910354081"]
[EventDate "2008.07.14"]
[EventType "swiss"]
[EventRounds "7"]
[EventCountry "CAN"]
[SourceTitle "EXT 2011"]
[Source "ChessBase"]
[SourceDate "2011.11.26"]
[SourceVersion "1"]
[SourceVersionDate "2011.11.26"]
[SourceQuality "1"]

1. e4 e6 2. d4 d5 3. exd5 exd5 4. Nf3 Nf6 5. c4 c6 6. Nc3 Be6 7. cxd5 Nxd5 8. Be2 Bb4 9. Bd2 O-O 10. O-O Bxc3 11. Bxc3 Nd7 12. a3 N7f6 13. Qc2 Nf4 14. Bd3 Nxd3 15. Qxd3 b5 16. Rfe1 Bc4 17. Qc2 Bd5 18. Nd2 Qd7 19. Re3 Rfe8 20. Rae1 Rxe3 21. Rxe3 Re8 22. Rxe8+ Qxe8 23. Qd1 h6 24. h3 Qe6 25. Nf1 g5 26. Ne3 Kg7 27. Nxd5 Qxd5 28. Qe2 Qe4 29. Qxe4 Nxe4 30. Bb4 Kf6 31. f3 Ng3 32. Kf2 Nf5 33. Bc5 a6 34. g4 Ne7 35. Kg3 Nd5 36. Bf8 Kg6 37. h4 Nf4 38. hxg5 hxg5 39. Bc5 Nd3 40. b4 Ne1 41. Kf2 Nc2 42. Ke2 Nxa3 43. Ke3 Nc4+ 44. Ke4 Kf6 45. d5 cxd5+ 46. Kxd5 a5 47. bxa5 Nxa5 48. Bd4+ Kg6 49. Bc3 Nc4 50. Kc5 Ne3 51. Kxb5 Nf1 52. Be5 f5 53. Bd4 f4 54. Kc4 Nd2+ 55. Kd3 Nxf3 56. Bc5 Ne5+ 57. Ke4 Nxg4 58. Kf3 Kf5 59. Bg1 Ne5+ 60. Kg2 g4 61. Bf2 Nd3 62. Bh4 Nc5 63. Kf2 Ne4+ 64. Kg2 f3+ 65. Kh2 Kf4 66. Bf2 Nxf2 67. Kg1 Ne4 68. Kf1 Nd2+ 69. Kf2 g3+ 70. Ke1 f2+ 71. Ke2 f1=Q+ 72. Kxd2 Qf3 73. Ke1 Qf2+ 74. Kd1 g2 75. Kc1 g1=R# 0-1

[Event "CYCC U12"]
[Site "Quebec CAN"]
[Date "2008.07.16"]
[Round "5"]
[White "Zhang, Zhiyuan"]
[Black "Pecherski, Daniel"]
[Result "1/2-1/2"]
[WhiteElo "1694"]
[BlackElo "1740"]
[PlyCount "101"]
[GameId "2160767910354082"]
[EventDate "2008.07.14"]
[EventType "swiss"]
[EventRounds "7"]
[EventCountry "CAN"]
[SourceTitle "EXT 2011"]
[Source "ChessBase"]
[SourceDate "2011.11.26"]
[SourceVersion "1"]
[SourceVersionDate "2011.11.26"]
[SourceQuality "1"]

1. Nf3 d5 2. c4 e6 3. b3 Nf6 4. g3 Be7 5. Ba3 O-O 6. Bxe7 Qxe7 7. Bg2 c5 8. O-O Nc6 9. e3 b6 10. cxd5 Nxd5 11. Nc3 Nxc3 12. dxc3 Bb7 13. Qc2 Rfd8 14. Rad1 Rac8 15. h3 c4 16. Nd4 cxb3 17. axb3 Nxd4 18. Rxd4 Rxd4 19. Bxb7 Qxb7 20. exd4 Qd5 21. Rd1 Qh5 22. Kh2 h6 23. Ra1 a5 24. Qd3 Qd5 25. c4 Qd6 26. d5 exd5 27. cxd5 Qf6 28. Rf1 Rc3 29. Qd1 Qf5 30. Qe1 Rxb3 31. Qe8+ Kh7 32. Qc6 Qf3 33. Qc2+ Qd3 34. Qd1 Qxd1 35. Rxd1 Rc3 36. d6 Rc8 37. Rb1 Rb8 38. Kg2 Kg6 39. d7 Rd8 40. Rxb6+ Kh7 41. Ra6 Rxd7 42. Rxa5 Kg6 43. Kf3 Kf6 44. Ke3 Re7+ 45. Kf4 Rb7 46. Ra6+ Ke7 47. f3 Rb4+ 48. Ke3 Rb3+ 49. Ke2 Rb2+ 50. Ke3 Rb3+ 51. Ke2 1/2-1/2

[Event "CYCC U12"]
[Site "Quebec CAN"]
[Date "2008.07.16"]
[Round "6"]
[White "Cai, Tony"]
[Black "Florea, Alexandru"]
[Result "1/2-1/2"]
[WhiteElo "1683"]
[BlackElo "1824"]
[PlyCount "42"]
[GameId "2160767910354083"]
[EventDate "2008.07.14"]
[EventType "swiss"]
[EventRounds "7"]
[EventCountry "CAN"]
[SourceTitle "EXT 2011"]
[Source "ChessBase"]
[SourceDate "2011.11.26"]
[SourceVersion "1"]
[SourceVersionDate "2011.11.26"]
[SourceQuality "1"]

1. d4 f5 2. c4 Nf6 3. Nc3 e6 4. Bg5 Bb4 5. e3 b6 6. Bd3 Bb7 7. Nf3 Bxc3+ 8. bxc3 d6 9. O-O Nbd7 10. Nd2 h6 11. Bxf6 Nxf6 12. Re1 O-O 13. e4 fxe4 14. Nxe4 Nxe4 15. Bxe4 Bxe4 16. Rxe4 Qf6 17. Qe2 Rae8 18. f3 Re7 19. Re1 Rfe8 20. f4 c5 21. Qe3 Kh8 1/2-1/2

[Event "CYCC U12"]
[Site "Quebec CAN"]
[Date "2008.07.16"]
[Round "6"]
[White "Chuchin, Sasha"]
[Black "Itkin, David"]
[Result "0-1"]
[WhiteElo "1124"]
[BlackElo "1597"]
[PlyCount "54"]
[GameId "2160767910354084"]
[EventDate "2008.07.14"]
[EventType "swiss"]
[EventRounds "7"]
[EventCountry "CAN"]
[SourceTitle "EXT 2011"]
[Source "ChessBase"]
[SourceDate "2011.11.26"]
[SourceVersion "1"]
[SourceVersionDate "2011.11.26"]
[SourceQuality "1"]

1. e4 c5 2. Nf3 Nc6 3. Bb5 a6 4. Bxc6 bxc6 5. d4 cxd4 6. Nxd4 Nf6 7. Nc3 e5 8. Nf3 Bb4 9. Bd2 d6 10. Qe2 h6 11. a3 Bc5 12. Be3 Qb6 13. Bxc5 Qxb2 14. Bb4 Qxa1+ 15. Qd1 Qxd1+ 16. Kxd1 c5 17. Ba5 O-O 18. Bc7 Ra7 19. Bxd6 Rd8 20. Nxe5 Rxd6+ 21. Kc1 Re7 22. Nc4 Rd4 23. e5 Rxc4 24. exf6 gxf6 25. Nd5 Re2 26. Ne3 Rf4 27. f3 h5 0-1

[Event "CYCC U12"]
[Site "Quebec CAN"]
[Date "2008.07.16"]
[Round "6"]
[White "Du, Robert"]
[Black "Mongenais, Jacob"]
[Result "0-1"]
[WhiteElo "1054"]
[BlackElo "1441"]
[PlyCount "80"]
[GameId "2160767910354085"]
[EventDate "2008.07.14"]
[EventType "swiss"]
[EventRounds "7"]
[EventCountry "CAN"]
[SourceTitle "EXT 2011"]
[Source "ChessBase"]
[SourceDate "2011.11.26"]
[SourceVersion "1"]
[SourceVersionDate "2011.11.26"]
[SourceQuality "1"]

1. e4 e5 2. Nf3 Nc6 3. Bb5 a6 4. Ba4 d6 5. Nc3 Bd7 6. d4 b5 7. Bb3 Nxd4 8. Nxd4 exd4 9. Qxd4 c5 10. Bxf7+ Kxf7 11. Qd5+ Be6 12. Qh5+ g6 13. Qf3+ Qf6 14. Qxf6+ Nxf6 15. Kd2 d5 16. exd5 Nxd5 17. Nxd5 Bxd5 18. f3 Rd8 19. Kc3 Bg7+ 20. Kd3 Bxf3+ 21. Ke3 Bxg2 22. Re1 Rhe8+ 23. Kf2 Bd4+ 24. Kxg2 Rxe1 25. h4 Be3 26. Bxe3 Rxa1 27. Bxc5 Rxa2 28. Ba3 Rd2+ 29. Kg3 Rxc2 30. Kg4 Rxa3 31. bxa3 Kf6 32. h5 Rc4+ 33. Kf3 gxh5 34. a4 b4 35. Ke3 Ke5 36. a5 Rc3+ 37. Kd2 Ke4 38. Ke2 Rc2+ 39. Kd1 b3 40. Ke1 b2 0-1

[Event "CYCC U12"]
[Site "Quebec CAN"]
[Date "2008.07.16"]
[Round "6"]
[White "Kaufman, Elliot"]
[Black "Dumais, Remi"]
[Result "1-0"]
[WhiteElo "1412"]
[BlackElo "975"]
[PlyCount "71"]
[GameId "2160767910354086"]
[EventDate "2008.07.14"]
[EventType "swiss"]
[EventRounds "7"]
[EventCountry "CAN"]
[SourceTitle "EXT 2011"]
[Source "ChessBase"]
[SourceDate "2011.11.26"]
[SourceVersion "1"]
[SourceVersionDate "2011.11.26"]
[SourceQuality "1"]

1. e4 e5 2. Nf3 Nc6 3. d4 d6 4. dxe5 Be7 5. exd6 cxd6 6. Bb5 Nf6 7. Nc3 d5 8. exd5 Bd7 9. dxc6 bxc6 10. Bc4 Bc5 11. O-O Qc7 12. Re1+ Kd8 13. Bxf7 a5 14. Ng5 Ba7 15. Ne6+ Kc8 16. Nxc7 Rb8 17. Qd6 Ng4 18. Be3 Rb7 19. Na6 Bb8 20. Nxb8 Rxb8 21. Ba7 Rb7 22. Bc5 h5 23. Be6 Nf6 24. Qxc6+ Kb8 25. Bxd7 Nxd7 26. Bd6+ Ka7 27. Nb5+ Rxb5 28. Qxb5 Rd8 29. Re7 g6 30. Rxd7+ Rxd7 31. Qxd7+ Ka6 32. a4 h4 33. Qb5+ Ka7 34. Bc7 h3 35. Qb6+ Ka8 36. Qb8# 1-0

[Event "CYCC U12"]
[Site "Quebec CAN"]
[Date "2008.07.16"]
[Round "6"]
[White "Lai, Jonathan"]
[Black "Chan, Alex H"]
[Result "1-0"]
[WhiteElo "1563"]
[BlackElo "1633"]
[PlyCount "122"]
[GameId "2160767910354087"]
[EventDate "2008.07.14"]
[EventType "swiss"]
[EventRounds "7"]
[EventCountry "CAN"]
[SourceTitle "EXT 2011"]
[Source "ChessBase"]
[SourceDate "2011.11.26"]
[SourceVersion "1"]
[SourceVersionDate "2011.11.26"]
[SourceQuality "1"]

1. e4 e5 2. Nf3 Nc6 3. Bb5 a6 4. Ba4 Nf6 5. O-O d6 6. c3 b5 7. Bc2 Be7 8. h3 O-O 9. Re1 Bb7 10. d4 Re8 11. Nbd2 Bf8 12. Nf1 h6 13. Ng3 g6 14. Nh2 Na5 15. Ng4 Nxg4 16. Qxg4 Kh7 17. f4 f6 18. f5 g5 19. Be3 Nc4 20. b3 Nxe3 21. Rxe3 c5 22. dxe5 dxe5 23. Rd1 Qe7 24. Qh5 Qg7 25. Red3 Bc6 26. Nf1 Be7 27. Rf3 Red8 28. Rxd8 Rxd8 29. Rg3 Be8 30. Qf3 Qf7 31. Bd1 c4 32. bxc4 bxc4 33. Be2 Ba3 34. Ne3 Bc5 35. Kh2 Bb5 36. Nd5 Ba3 37. Qf1 Rc8 38. h4 Kg7 39. hxg5 hxg5 40. Rh3 Rh8 41. Bxc4 Rxh3+ 42. gxh3 Qd7 43. Bxb5 axb5 44. Qe2 Bc1 45. Qh5 Qf7 46. Qxf7+ Kxf7 47. Nc7 Ke7 48. Nxb5 Kd7 49. Kg3 Kc6 50. a4 Be3 51. Kf3 Bc5 52. Ke2 Kb6 53. Kd3 Ka5 54. Kc4 Be7 55. Kb3 Kb6 56. c4 Kc5 57. a5 Bd8 58. a6 Kb6 59. a7 Kb7 60. c5 Ka8 61. c6 Bb6 1-0

[Event "CYCC U12"]
[Site "Quebec CAN"]
[Date "2008.07.16"]
[Round "6"]
[White "Leveille, Francois1"]
[Black "Cheng, Guy"]
[Result "0-1"]
[WhiteElo "1124"]
[BlackElo "894"]
[PlyCount "52"]
[GameId "2160767910354088"]
[EventDate "2008.07.14"]
[EventType "swiss"]
[EventRounds "7"]
[EventCountry "CAN"]
[SourceTitle "EXT 2011"]
[Source "ChessBase"]
[SourceDate "2011.11.26"]
[SourceVersion "1"]
[SourceVersionDate "2011.11.26"]
[SourceQuality "1"]

1. e4 c5 2. Nf3 d6 3. d4 cxd4 4. Nxd4 Nf6 5. Nc3 a6 6. Bg5 e6 7. f4 Be7 8. Qf3 Qc7 9. O-O-O Nc6 10. Nxc6 bxc6 11. Re1 Bb7 12. b4 O-O 13. a3 c5 14. bxc5 Qxc5 15. a4 d5 16. e5 Ne4 17. Nxe4 dxe4 18. Qe3 Qc7 19. Bxe7 Qxe7 20. Kb2 Qb4+ 21. Kc1 Rfd8 22. Rd1 Bd5 23. c3 Rac8 24. Kc2 Bb3+ 25. Kc1 Qa3+ 26. Kb1 Rxd1+ 0-1

[Event "CYCC U12"]
[Site "Quebec CAN"]
[Date "2008.07.16"]
[Round "6"]
[White "Li, Chang He"]
[Black "Sohal, Tanraj"]
[Result "1-0"]
[WhiteElo "1967"]
[BlackElo "1876"]
[PlyCount "73"]
[GameId "2160767910354089"]
[EventDate "2008.07.14"]
[EventType "swiss"]
[EventRounds "7"]
[EventCountry "CAN"]
[SourceTitle "EXT 2011"]
[Source "ChessBase"]
[SourceDate "2011.11.26"]
[SourceVersion "1"]
[SourceVersionDate "2011.11.26"]
[SourceQuality "1"]

1. e4 c5 2. Nf3 Nc6 3. d4 cxd4 4. Nxd4 Nf6 5. Nc3 e6 6. Ndb5 d6 7. Bf4 e5 8. Bg5 a6 9. Na3 b5 10. Nd5 Qa5+ 11. Bd2 Qd8 12. Nxf6+ Qxf6 13. c4 Qg6 14. f3 Be7 15. Be3 b4 16. Nc2 Bd7 17. Qd2 a5 18. Bd3 O-O 19. O-O Kh8 20. f4 f5 21. exf5 Bxf5 22. Bxf5 Rxf5 23. fxe5 Nxe5 24. Rxf5 Qxf5 25. Rf1 Qe6 26. b3 Bf6 27. Nd4 Qd7 28. Nb5 Ng4 29. Bf4 Rd8 30. h3 Ne5 31. Rd1 Qe6 32. Nxd6 g5 33. Bxe5 Bxe5 34. Nf7+ Qxf7 35. Qxd8+ Kg7 36. Qxg5+ Kf8 37. Rd8+ 1-0

[Event "CYCC U12"]
[Site "Quebec CAN"]
[Date "2008.07.16"]
[Round "6"]
[White "Liu, Steven2"]
[Black "Farrant-Diaz, Nathan"]
[Result "1/2-1/2"]
[WhiteElo "1656"]
[BlackElo "1571"]
[PlyCount "118"]
[GameId "2160767910354090"]
[EventDate "2008.07.14"]
[EventType "swiss"]
[EventRounds "7"]
[EventCountry "CAN"]
[SourceTitle "EXT 2011"]
[Source "ChessBase"]
[SourceDate "2011.11.26"]
[SourceVersion "1"]
[SourceVersionDate "2011.11.26"]
[SourceQuality "1"]

1. e4 b6 2. Nf3 e6 3. Nc3 Bb7 4. d3 Bb4 5. Bd2 Nf6 6. Ne2 Qe7 7. a3 Bxd2+ 8. Qxd2 d6 9. g3 Nbd7 10. Bg2 O-O-O 11. O-O e5 12. a4 a6 13. Nc3 d5 14. exd5 Nxd5 15. Nxd5 Bxd5 16. Nh4 Bxg2 17. Kxg2 Nc5 18. Qe2 Kb8 19. Rfe1 Rhe8 20. b3 e4 21. b4 Nb7 22. Qxe4 Qxe4+ 23. dxe4 Rd4 24. c3 Rdxe4 25. Nf3 Rxe1 26. Rxe1 Rxe1 27. Nxe1 Nd6 28. Kf3 Kc8 29. Kf4 Kd7 30. Nf3 Ke7 31. Nd2 h5 32. Ne4 Nxe4 33. Kxe4 Ke6 34. f3 b5 35. axb5 axb5 36. Kd4 Kd6 37. h3 g6 38. h4 f5 39. f4 c6 40. c4 bxc4 41. Kxc4 Kd7 42. Kd3 Kc7 43. Kd4 Kd6 44. Kc4 Kd7 45. Kc3 Kc7 46. Kd3 Kd6 47. Kd4 Kd7 48. Ke5 Ke7 49. Kd4 Kd6 50. Kc4 Kc7 51. Kc5 Kd7 52. Kb6 Kd6 53. Ka7 Kc7 54. Ka6 c5 55. b5 Kb8 56. Ka5 Kb7 57. b6 c4 58. Kb4 Kxb6 59. Kxc4 Kc6 1/2-1/2

[Event "CYCC U12"]
[Site "Quebec CAN"]
[Date "2008.07.16"]
[Round "6"]
[White "Luo, Zhao Yang"]
[Black "Lepine, Cedric"]
[Result "1/2-1/2"]
[WhiteElo "1795"]
[BlackElo "1541"]
[PlyCount "45"]
[GameId "2160767910354091"]
[EventDate "2008.07.14"]
[EventType "swiss"]
[EventRounds "7"]
[EventCountry "CAN"]
[SourceTitle "EXT 2011"]
[Source "ChessBase"]
[SourceDate "2011.11.26"]
[SourceVersion "1"]
[SourceVersionDate "2011.11.26"]
[SourceQuality "1"]

1. e4 e6 2. d4 d5 3. exd5 exd5 4. c4 dxc4 5. Bxc4 Nc6 6. Nf3 Bg4 7. Be3 Bb4+ 8. Nc3 Nf6 9. a3 Ba5 10. O-O Qd7 11. d5 Bxf3 12. gxf3 Bxc3 13. bxc3 Ne5 14. Ba2 Qh3 15. Bf4 Nxf3+ 16. Kh1 Ng4 17. Qa4+ Kd8 18. Qc4 Rc8 19. d6 cxd6 20. Qd5 Rc6 21. Bxd6 Kc8 22. Qf5+ Kd8 23. Qd5 1/2-1/2

[Event "CYCC U12"]
[Site "Quebec CAN"]
[Date "2008.07.16"]
[Round "6"]
[White "Nunez-Painchaud, Raphael"]
[Black "Gagnon, Justin"]
[Result "1-0"]
[WhiteElo "1686"]
[BlackElo "1577"]
[PlyCount "121"]
[GameId "2160767910354092"]
[EventDate "2008.07.14"]
[EventType "swiss"]
[EventRounds "7"]
[EventCountry "CAN"]
[SourceTitle "EXT 2011"]
[Source "ChessBase"]
[SourceDate "2011.11.26"]
[SourceVersion "1"]
[SourceVersionDate "2011.11.26"]
[SourceQuality "1"]

1. c4 Nf6 2. Nf3 g6 3. Nc3 Bg7 4. g3 O-O 5. Bg2 d6 6. O-O e5 7. d3 Nc6 8. Rb1 a5 9. a3 Nd7 10. Bd2 f5 11. Nd5 Nf6 12. Bg5 h6 13. Bxf6 Bxf6 14. b4 axb4 15. axb4 Be6 16. Nxf6+ Qxf6 17. b5 Ne7 18. Nd2 c6 19. Qc2 Kg7 20. bxc6 bxc6 21. Rb7 Bf7 22. Rfb1 Rh8 23. Rc7 d5 24. h3 g5 25. Rbb7 Rae8 26. cxd5 cxd5 27. Qc5 Kf8 28. Nb3 Rh7 29. Na5 Bg8 30. Nc6 h5 31. Nxe7 Rhxe7 32. Ra7 e4 33. dxe4 dxe4 34. e3 g4 35. hxg4 hxg4 36. Bf1 Qe5 37. Qb4 Kf7 38. Bc4+ Kf6 39. Rxe7 Rxe7 40. Ra5 Qxa5 41. Qxa5 Bxc4 42. Qc3+ Kg6 43. Qxc4 Rf7 44. Qe6+ Kg7 45. Kf1 Rf6 46. Qe7+ Rf7 47. Qe5+ Kg6 48. Ke2 Rf6 49. Kd2 Rf7 50. Kc3 Rf6 51. Kd4 Rf7 52. Kd5 Ra7 53. Qe6+ Kg5 54. Qb6 Rf7 55. Qd8+ Kh6 56. Ke6 Kg7 57. Qh8+ Kg6 58. Qe8 Kh6 59. Qxf7 f4 60. Kf5 f3 61. Qg6# 1-0